[Event "Challenge"]
[Site "http://www.queenalice.com/game.php?id=348834"]
[Date "2008.2.5"]
[Round "-"]
[White "rogerio_88"]
[Black "daga27"]
[Result "1-0"]
[WhiteElo "1215"]
[BlackElo "1029"]

1. g3 c5 2. Nf3 Nf6 3. Bg2 Nc6 4. O-O e5 5. d3 d5 6. e4 dxe4 7. dxe4 Be7 8. Nbd2
O-O 9. c4 h6 10. Nh4 Nd4 11. Nhf3 Qc7 12. Qa4 1-0

[Event "AUTO-BEG-183"]
[Site "http://www.queenalice.com/game.php?id=350851"]
[Date "2008.2.8"]
[Round "1"]
[White "moreira75"]
[Black "rogerio_88"]
[Result "1-0"]
[WhiteElo "1300"]
[BlackElo "1287"]

1. f4 e6 2. c3 f5 3. Nh3 Qh4+ 4. g3 Qh5 5. Na3 b6 6. Bg2 Nc6 7. b4 a5 8. Nb1 Ba6
9. a3 Nf6 10. Bf3 Ng4 11. d4 Qxh3 12. Rf1 Qxh2 13. bxa5 Nxa5 14. Bxa8 c6 15. Kd2
Qxg3 16. Rf3 Nc4+ 17. Kc2 Nge3+ 18. Rxe3 Nxe3+ 19. Bxe3 Qxe3 20. Qd2 Qe4+ 21.
Kb2 Bxe2 22. Qe1 Bd6 23. Nd2 Qd3 24. Bb7 Bxf4 25. Nb3 Ke7 26. Rc1 Bxc1+ 27. Qxc1
1-0

[Event "AUTO-BEG-183"]
[Site "http://www.queenalice.com/game.php?id=350852"]
[Date "2008.2.8"]
[Round "1"]
[White "rogerio_88"]
[Black "moreira75"]
[Result "0-1"]
[WhiteElo "1304"]
[BlackElo "1283"]

1. c3 d5 2. e3 g5 3. d4 h5 4. f3 Nf6 5. e4 dxe4 6. fxe4 Nxe4 7. Qd3 Nf6 8. Qb5+
Bd7 9. Qxb7 Bc6 10. Bb5 Qd7 11. Bxc6 Nxc6 12. Qxa8+ Qd8 13. Qxc6+ Qd7 14. Qa8+
Qd8 15. Qxa7 h4 16. Bxg5 Ne4 17. Qa4+ Qd7 18. Qa5 Rg8 19. Bxh4 Rg4 20. Qh5 Rxg2
21. Qf3 Rxb2 22. Qxe4 Qa4 23. a3 f6 24. Nh3 Rb5 25. Nf4 Bh6 26. Nd5 Rb7 0-1

[Event "AUTO-BEG-183"]
[Site "http://www.queenalice.com/game.php?id=350863"]
[Date "2008.2.8"]
[Round "1"]
[White "TheArgies"]
[Black "rogerio_88"]
[Result "0-1"]
[WhiteElo "1340"]
[BlackElo "1246"]

1. e4 e5 2. Nf3 f6 3. Bc4 c6 4. c3 d5 5. exd5 cxd5 6. Bb5+ Nc6 7. Qe2 e4 8. d4
Ne7 9. O-O exf3 10. Qxf3 Qb6 11. Bd3 Be6 12. b4 a5 13. b5 Na7 14. Be3 Nxb5 15.
a4 Nd6 16. Qh5+ g6 17. Qf3 f5 18. Re1 Ne4 19. Bb5+ Nc6 20. Nd2 Qd8 0-1

[Event "AUTO-BEG-183"]
[Site "http://www.queenalice.com/game.php?id=350864"]
[Date "2008.2.8"]
[Round "1"]
[White "rogerio_88"]
[Black "TheArgies"]
[Result "1-0"]
[WhiteElo "1224"]
[BlackElo "1362"]

1. e4 e5 2. Qh5 Nf6 3. Qxe5+ Be7 4. Qg5 Rg8 5. f3 Nxe4 6. Qf5 Bh4+ 7. g3 d5 8.
Qxh7 Nf6 9. Qxh4 Qe7+ 10. Ne2 g5 11. Qh6 Bf5 12. g4 Bxc2 13. b3 Nc6 14. Bg2 Nd4
15. Nc3 Nxe2 16. Nxe2 O-O-O 17. Bb2 Bd3 18. O-O-O Qc5+ 19. Nc3 d4 20. Qxf6 1-0

[Event "AUTO-BEG-183"]
[Site "http://www.queenalice.com/game.php?id=350869"]
[Date "2008.2.8"]
[Round "1"]
[White "jpcamilo"]
[Black "rogerio_88"]
[Result "0-1"]
[WhiteElo "1333"]
[BlackElo "1286"]

1. d4 d5 2. Nc3 c6 3. Nf3 f6 4. b3 e5 5. Bb2 e4 6. Nh4 Ne7 7. Qd2 g5 8. Qe3 gxh4
9. O-O-O f5 10. Qg5 Qd6 11. Qh5+ Ng6 12. Qg5 h6 13. Qh5 Nd7 14. g3 Nf6 15. Qxg6+
Kd8 16. Na4 Ng4 17. Qh5 Nxf2 18. Qxh4+ Be7 19. Qh5 Nxh1 20. Bg2 Nf2 21. Rf1 Ng4
22. Qf7 Nxh2 23. Rh1 Qxg3 24. Rg1 Qf2 25. Rd1 Qxg2 26. Bc3 Rf8 27. Qh7 Nf1 28.
Qxh6 Qxe2 29. Ba5+ b6 30. Bd2 Ba3+ 31. Nb2 Bd7 32. Qxf8+ Bxf8 33. Bg5+ Kc8 34.
Bf4 Bb4 35. Nd3 exd3 36. Rxd3 Bd2+ 37. Bxd2 Nxd2 38. Rxd2 Qe3 39. Kd1 Qg1+ 40.
Ke2 f4 41. Rd1 Qe3+ 42. Kf1 Bh3# 0-1

[Event "AUTO-BEG-183"]
[Site "http://www.queenalice.com/game.php?id=350870"]
[Date "2008.2.8"]
[Round "1"]
[White "rogerio_88"]
[Black "jpcamilo"]
[Result "0-1"]
[WhiteElo "1299"]
[BlackElo "1362"]

1. e4 e5 2. Qh5 Nf6 3. Qxe5+ Be7 4. f3 O-O 5. c3 Nc6 6. Qg3 Bc5 7. d4 Bb6 8. e5
Nd5 9. f4 Na5 10. f5 f6 11. Qf3 c6 12. Bd3 fxe5 13. dxe5 Qh4+ 14. g3 Qe7 15. f6
Qxe5+ 16. Ne2 Rxf6 17. Qg2 Rf2 18. Qe4 Qh5 19. Bf4 Rxh2 20. Rg1 Bxg1 21. Nxg1
Rh1 22. g4 Rxg1+ 23. Kf2 Rxg4 24. Qf3 Nxf4 25. Be4 Nh3+ 26. Ke3 Nc4+ 27. Kd4 Ne5
28. Qe3 d6 29. Nd2 c5+ 30. Kd5 Nf7+ 31. Kc4 Be6+ 32. Kd3 Ne5+ 33. Kc2 Rf8 34.
Bxb7 c4 35. Qxa7 Qf5+ 36. Ne4 Rg2+ 37. Kd1 Qf1# 0-1

[Event "Challenge"]
[Site "http://www.queenalice.com/game.php?id=424416"]
[Date "2008.6.28"]
[Round "-"]
[White "rogerio_88"]
[Black "Gadou"]
[Result "0-1"]
[WhiteElo "1270"]
[BlackElo "1377"]

1. f3 e5 2. e4 Bc5 3. c3 Qh4+ 4. Ke2 Qf2+ 5. Kd3 Qh4 6. g3 Qe7 7. Kc2 Nf6 8. d4
d6 9. dxc5 dxc5 10. Bg5 h6 11. Bh4 a6 12. Bc4 b5 13. Be2 g5 14. Bxg5 hxg5 15. h4
Nbd7 16. Nh3 gxh4 17. gxh4 Rxh4 18. Bf1 c4 19. b4 Bb7 20. Qe1 O-O-O 21. Qxh4 c5
22. Ng5 Nb6 23. Bh3+ Kc7 24. Nh7 Qd6 25. Nxf6 Qd3+ 26. Kc1 Qe3+ 27. Kc2 Qe2+ 28.
Kc1 Qe3+ 29. Kc2 Qd3+ 30. Kb2 Na4+ 31. Kc1 Qe3+ 32. Nd2 Qxc3+ 33. Kd1 Qxd2# 0-1

[Event "Challenge"]
[Site "http://www.queenalice.com/game.php?id=428302"]
[Date "2008.7.6"]
[Round "-"]
[White "rogerio_88"]
[Black "rafalcoforado"]
[Result "0-1"]
[WhiteElo "1239"]
[BlackElo "1456"]

1. e4 Nf6 2. Nc3 e6 3. Bb5 a6 4. Ba4 Bd6 5. Qe2 O-O 6. Qe3 Ng4 7. Qd3 Qh4 8. g3
Qf6 9. f4 b5 10. Bb3 e5 11. h3 Nh6 12. Qd5 c6 13. Qd3 exf4 14. gxf4 Qh4+ 15. Kd1
Qxf4 16. Nge2 Qe5 17. Qf3 b4 18. Na4 Bb7 19. Nb6 c5 20. Nxa8 Bxa8 21. Qg2 Bxe4
22. Qg3 Bxh1 0-1

[Event "Jogo Rápido # 1"]
[Site "http://www.queenalice.com/game.php?id=430896"]
[Date "2008.7.10"]
[Round "-"]
[White "felipecpv94"]
[Black "rogerio_88"]
[Result "1-0"]
[WhiteElo "1122"]
[BlackElo "1295"]

1. e4 e5 2. Nf3 Bd6 3. d3 g6 4. a3 c6 5. Nc3 f5 6. Bg5 Ne7 7. Bf6 Rf8 8. Bxe5
Qc7 9. Bg7 Rf7 10. Bh6 Ng8 11. Bg5 Be7 12. Bf4 Qxf4 13. Ne2 1-0

[Event "Challenge"]
[Site "http://www.queenalice.com/game.php?id=434665"]
[Date "2008.7.17"]
[Round "-"]
[White "rogerio_88"]
[Black "RicardoFialho"]
[Result "0-1"]
[WhiteElo "1272"]
[BlackElo "1749"]

1. e4 c5 2. f3 Nf6 3. d4 cxd4 4. Qxd4 Nc6 5. Qa4 e6 6. c3 Be7 7. Nd2 O-O 8. Nc4
d5 9. exd5 Nxd5 10. Qc2 Nf6 11. Qf2 Na5 12. Qg3 Re8 13. Bh6 g6 14. h4 Nh5 15.
Qe5 Bf6 16. Qc5 Nxc4 17. Bxc4 b6 18. Qc6 Bd7 19. Qe4 Ng3 20. Qf4 Nxh1 21. Qh2
Nf2 22. Kxf2 Bxh4+ 23. Kf1 Rc8 24. Ba6 Rc5 25. b4 Rh5 26. Qf4 Bg5 27. Bxg5 Rxg5
28. Qe4 Qc7 29. Nh3 Re5 30. Qf4 g5 31. Nxg5 Re1+ 32. Rxe1 Qxf4 33. Ne4 Bc6 34.
Bd3 Bxe4 35. Bxe4 Rd8 36. b5 Qd2 37. c4 Qxa2 38. Re2 Qxc4 39. Ke1 Qxb5 40. Rd2
Rxd2 41. Kxd2 a5 42. Bd3 Qg5+ 43. Kc3 Qxg2 44. Be4 h5 0-1

[Event "Challenge"]
[Site "http://www.queenalice.com/game.php?id=439098"]
[Date "2008.7.26"]
[Round "-"]
[White "rogerio_88"]
[Black "Gadou"]
[Result "0-1"]
[WhiteElo "1258"]
[BlackElo "1389"]

1. e4 e5 2. Bc4 Nf6 3. Nh3 Nxe4 4. Qh5 g6 5. Qxe5+ Qe7 6. Bxf7+ Kxf7 7. Qxh8
Nf6+ 8. Kf1 d5 9. Ng5+ Ke8 10. d4 b6 11. Nc3 Ba6+ 12. Nb5 Bxb5+ 13. c4 Bxc4+ 0-1

[Event "Challenge"]
[Site "http://www.queenalice.com/game.php?id=439523"]
[Date "2008.7.27"]
[Round "-"]
[White "rogerio_88"]
[Black "juan_francisco"]
[Result "0-1"]
[WhiteElo "1232"]
[BlackElo "1315"]

1. e4 e5 2. Bc4 Bc5 3. Qh5 Nh6 4. Qxe5+ Kf8 5. Nf3 Ng4 6. d3 Nxe5 7. Nxe5 Qh4 8.
O-O d6 9. Nf3 Qf4 10. Bxf4 Bg4 11. Nbd2 Nc6 0-1

[Event "Challenge"]
[Site "http://www.queenalice.com/game.php?id=439530"]
[Date "2008.7.27"]
[Round "-"]
[White "RicardoFialho"]
[Black "rogerio_88"]
[Result "1-0"]
[WhiteElo "1879"]
[BlackElo "1241"]

1. e4 e5 2. Nf3 Bb4 3. Nc3 f6 4. d3 c6 5. Bd2 Bc5 6. Be2 Qb6 7. O-O Bxf2+ 8.
Rxf2 Nh6 9. Rb1 Ng4 10. Be1 Nxf2 11. Bxf2 Qc7 12. d4 d5 13. dxe5 fxe5 14. exd5
cxd5 15. Nxd5 Be6 16. Nxc7+ Ke7 17. Nxa8 Rd8 18. Qe1 Rc8 19. Qb4+ Kf7 20. Nxe5+
Ke8 21. Bb5+ Nc6 22. Bxc6+ bxc6 23. Qb7 g6 24. Nc7+ Kd8 25. Nxe6+ 1-0